Представление документа в формате MARC21

ПолеНазваниеЗначение
  Тип записи a
  Библиографический уровень m
001 Контрольный номер RU/URAIT/492618
003 Принадлежность контрольного номера https://urait.ru/bcode/492618
005 Дата корректировки 20230117110116.7
008 Кодируемые данные
020 Индекс ISBN __
a ISBN 978-5-534-05783-6
c Цена, тираж 969.00
040 Источник каталогиз. __
a Служба первич. каталог. ИКО Юрайт
b Код языка каталог. rus
c Служба, преобразующая запись ИКО Юрайт
041 Код языка издания 0_
a Код языка текста rus
044 Код страны публикации __
a Код страны публикации RU
073 _1
a 9785534057836
d 969.00
080 Индекс УДК __
a Индекс УДК 651.012(075.32)
084 Индекс другой классификации/Индекс ББК __
a Индекс другой классификации/Индекс ББК 60.844я723
2 Источник индекса rubbk
091 Индексы/ коды __
a Индекс ББК (DOS) 60.844я723
z rubbk
100 Автор 1_
a Автор Доронина Л. А.
q Полное имя Лариса Алексеевна
230 __
a Электрон. дан.
245 Заглавие 00
a Заглавие Документационное обеспечение управления
b Продолж. заглавия учебник и практикум
c Ответственность Л. А. Доронина, В. С. Иритикова.
260 Выходные данные 1_
a Место издания Москва
b Издательство Юрайт
c Дата издания 2022
300 Физическое описание __
a Объем 233 с
440 Серия _0
a Серия Профессиональное образование
500 Примечания __
a Примечание URL: https://urait.ru/bcode/492618 (дата обращения: 29.08.2022).
520 Аннотация __
a Аннотация Главная цель настоящего учебника — помочь студентам овладеть знаниями в области теории и практики документационного обеспечения управления. Несомненными достоинствами данного издания являются четкость формулировок и методически выверенное изложение учебного материала. Проверить полученные теоретические знания и получить необходимые практические навыки студенты могут с помощью имеющегося в учебнике практикума, включающего контрольные вопросы и практические задания. В приложениях представлен справочный материал, содержащий формы и примеры оформления отдельных документов.
538 Прим. о системных особенностях __
a Прим. о системных особенностях Режим доступа: Электронно-библиотечная система Юрайт, для авториз. пользователей
653 Ключевые слова 2_
a Ключевые слова Делопроизводство и секретарское дело
653 Ключевые слова 2_
a Ключевые слова Экономика и управление
653 Ключевые слова 2_
a Ключевые слова Документационное обеспечение управления
700 Другие авторы 1_
a Другие авторы Иритикова В. С.
q Полное имя Вера Степановна
856 Электронный адрес документа 40
n Местонахождение сервера Юрайт
g Электронная книга
q Тип электронного формата html
h Имя пользователя ЮРАЙТ
v Часы доступа к ресурсу 20231231
2 Способ доступа Показать документ
x Служебное примечание https://urait.ru/book/cover/4BE6E9FA-4F6A-4613-B3B6-6797C149BDB2
u URL https://urait.ru/read/492618
856 Электронный адрес документа 41
q Тип электронного формата cover
u URL https://urait.ru/book/cover/4BE6E9FA-4F6A-4613-B3B6-6797C149BDB2
952 Тип литературы __
c Вид литературы учебник